Maharashta Jal Sinchan Ayog Ahaval Khanda 4 (Record no. 656)

MARC details
000 -LEADER
fixed length control field 00281nam a22001217a 4500
041 ## - LANGUAGE CODE
Language code of text/sound track or separate title ENG
100 ## - MAIN ENTRY--PERSONAL NAME
Personal name Maharashta Shasan
245 ## - TITLE STATEMENT
Title Maharashta Jal Sinchan Ayog Ahaval Khanda 4
260 ## - PUBLICATION, DISTRIBUTION, ETC. (IMPRINT)
Place of publication, distribution, etc Maharashta
Name of publisher, distributor, etc Maharashta Shasan
Date of publication, distribution, etc 1999
300 ## - PHYSICAL DESCRIPTION
Extent 21
650 ## - SUBJECT ADDED ENTRY--TOPICAL TERM
Topical term or geographic name as entry element GAE
856 ## - ELECTRONIC LOCATION AND ACCESS
Uniform Resource Identifier GAE
Holdings
Withdrawn status Lost status Source of classification or shelving scheme Damaged status Not for loan Home library Current library Shelving location Date acquired Cost, normal purchase price Total Checkouts Barcode Date last seen Date checked out Price effective from Koha item type
    Dewey Decimal Classification     College of Agricultural Engineering and Technology, Dapoli , Library College of Agricultural Engineering and Technology, Dapoli , Library Book Cart 01/09/2021 1000.00 1 001722 16/12/2024 02/12/2024 01/09/2021 Books

Contact Us: College of Agricultural Engineering and Technology, Dapoli, Dist.- Ratnagiri
Website: https://dbskkv.org Email: caetlibrary2015@gmail.com